[Event "2. Torneio Aberto do Brasil - Fortaleza"]
[Site "Fortaleza BRA"]
[Date "2012.04.06"]
[Round "2.13"]
[White "Carvalho, Miguel Angelo Alvar"]
[Black "Martins, Vinicius Tine"]
[Result "0-1"]
[WhiteElo "2065"]
[BlackElo "2329"]
[PlyCount "122"]
[EventDate "2012.04.05"]
[EventType "swiss"]
[EventRounds "7"]
[EventCountry "BRA"]
[Source "lmi"]
[SourceDate "2012.08.05"]

1. e4 c5 2. Nf3 d6 3. d4 cxd4 4. Nxd4 Nf6 5. Nc3 a6 6. h3 e5 7. Nde2 h5 8. Bg5
Be6 9. g3 Nbd7 10. Bg2 Rc8 11. O-O Qc7 12. Qd2 Be7 13. a4 O-O 14. b3 Rfd8 15.
f4 Nf8 16. f5 Bd7 17. Bxf6 Bxf6 18. Bf3 h4 19. Nd5 Qc5+ 20. Kh1 Nh7 21. Nxf6+
Nxf6 22. c4 Bc6 23. Qd3 b5 24. axb5 axb5 25. g4 Nh7 26. Bg2 f6 27. Ra5 bxc4 28.
Qd2 Qb6 29. bxc4 Ng5 30. Qa2 Kh7 31. Rb1 Qf2 32. Rf1 Qe3 33. Ra3 Ra8 34. Rxe3
Rxa2 35. Nc3 Ra5 36. Nd5 Rc5 37. Ne7 Rxc4 38. Rfe1 Be8 39. Rd1 Bf7 40. Kg1 Rc5
41. Red3 Rd7 42. Nd5 Bxd5 43. exd5 Rb7 44. R1d2 Rbb5 45. Kh2 e4 46. Rd4 Rb3 47.
Bxe4 Nxh3 48. Kg2 Rg3+ 49. Kh2 Ng5 50. Bg2 Rcc3 51. Re2 Kh6 52. Rf4 Nf7 53. g5+
Kxg5 54. Rff2 Ne5 55. Kh1 Rc1+ 56. Rf1 Rxf1+ 57. Bxf1 Kxf5 58. Bg2 h3 59. Rf2+
Kg4 60. Be4 Nf3 61. Rf1 f5 0-1

[Event "2. Torneio Aberto do Brasil - Fortaleza"]
[Site "Fortaleza BRA"]
[Date "2012.04.06"]
[Round "2.14"]
[White "Macedo, Maximo Iack"]
[Black "Costa, Fernando De Souza"]
[Result "1-0"]
[WhiteElo "2328"]
[BlackElo "2045"]
[PlyCount "83"]
[EventDate "2012.04.05"]
[EventType "swiss"]
[EventRounds "7"]
[EventCountry "BRA"]
[Source "lmi"]
[SourceDate "2012.08.05"]

1. d4 Nf6 2. Nc3 d5 3. Bg5 Bf5 4. f3 c6 5. e4 Be6 6. Qd2 h6 7. Bh4 Nbd7 8. e5
Nh7 9. f4 g5 10. Bg3 Bf5 11. Bd3 Bxd3 12. Qxd3 gxf4 13. Bxf4 e6 14. Nf3 Ng5 15.
O-O Bb4 16. Qe3 Nxf3+ 17. Rxf3 Qc7 18. Bxh6 Nxe5 19. dxe5 d4 20. Qg5 dxc3 21.
bxc3 Be7 22. Qf4 O-O-O 23. Bg7 Rh7 24. Bf6 Bxf6 25. exf6 Qb6+ 26. Kh1 Qb2 27.
Qc1 Qb5 28. Qe3 Qh5 29. h3 b6 30. Re1 Rhh8 31. c4 Rhg8 32. Qe2 Qc5 33. Rd3 Rd4
34. Rxd4 Qxd4 35. Rf1 Rg6 36. Qd3 Qd8 37. g4 Qh8 38. Qf3 Kc7 39. Kg2 Qh6 40.
Qf4+ Qxf4 41. Rxf4 Kd6 42. Kf3 1-0

[Event "2. Torneio Aberto do Brasil - Fortaleza"]
[Site "Fortaleza BRA"]
[Date "2012.04.06"]
[Round "2.16"]
[White "Pinheiro, Iung Alicio De O"]
[Black "Rezende, Guilherme Vilela"]
[Result "1-0"]
[WhiteElo "2321"]
[BlackElo "2039"]
[PlyCount "61"]
[EventDate "2012.04.05"]
[EventType "swiss"]
[EventRounds "7"]
[EventCountry "BRA"]
[Source "lmi"]
[SourceDate "2012.08.05"]

1. e4 c5 2. Nf3 e6 3. d3 Nc6 4. g3 g6 5. Bg5 Qb6 6. Nbd2 Qxb2 7. Nc4 Qc3+ 8.
Bd2 Qg7 9. Bg2 b5 10. Ne3 Be7 11. O-O h5 12. c3 Bf6 13. e5 Bd8 14. d4 Nge7 15.
a4 bxa4 16. Nc4 Nf5 17. Rxa4 g5 18. dxc5 Rb8 19. Qc1 g4 20. Ng5 Rb5 21. Ne4 Kf8
22. Ncd6 Nxd6 23. Nxd6 Rb8 24. Bxc6 dxc6 25. Rxa7 Qxe5 26. Bh6+ Kg8 27. Rxf7
Bf6 28. Rf8+ Kh7 29. Qc2+ Kxh6 30. Rxh8+ Bxh8 31. Nf7+ 1-0

[Event "2. Torneio Aberto do Brasil - Fortaleza"]
[Site "Fortaleza BRA"]
[Date "2012.04.06"]
[Round "2.17"]
[White "Cardoso, Almir Correia"]
[Black "Dumont, Sadi Glasser"]
[Result "1-0"]
[WhiteElo "2045"]
[BlackElo "2316"]
[PlyCount "57"]
[EventDate "2012.04.05"]
[EventType "swiss"]
[EventRounds "7"]
[EventCountry "BRA"]
[Source "lmi"]
[SourceDate "2012.08.05"]

1. e4 d5 2. exd5 Nf6 3. d4 Nxd5 4. c4 Nb6 5. Nc3 e5 6. Be3 Bb4 7. dxe5 Qe7 8.
Nf3 Nc6 9. Be2 Bg4 10. O-O Bxc3 11. bxc3 O-O 12. Re1 Rad8 13. Qc2 Bxf3 14. Bxf3
Nxe5 15. Be4 f5 16. Bxf5 Nbxc4 17. Bxh7+ Kh8 18. Be4 Ng4 19. Bd4 Rxd4 20. cxd4
Qd6 21. g3 b5 22. Bf5 Nh6 23. Be6 Qxd4 24. Bxc4 bxc4 25. Rad1 Qc5 26. Re4 Qh5
27. Qe2 Qg6 28. Rxc4 Nf5 29. Rf4 1-0

[Event "2. Torneio Aberto do Brasil - Fortaleza"]
[Site "Fortaleza BRA"]
[Date "2012.04.06"]
[Round "2.18"]
[White "Pereira, Silvio Cunha"]
[Black "De Paula, Guilherme Bueno"]
[Result "1-0"]
[WhiteElo "2298"]
[BlackElo "2032"]
[PlyCount "99"]
[EventDate "2012.04.05"]
[EventType "swiss"]
[EventRounds "7"]
[EventCountry "BRA"]
[Source "lmi"]
[SourceDate "2012.08.05"]

1. e4 c5 2. Nf3 a6 3. c4 e6 4. Nc3 d6 5. d4 cxd4 6. Nxd4 b6 7. g3 Bb7 8. Bg2
Qc7 9. Qe2 Nd7 10. Bd2 Rc8 11. b3 Ngf6 12. O-O Be7 13. Rac1 Qb8 14. f4 h5 15.
f5 Nf8 16. fxe6 fxe6 17. Bh3 Kf7 18. Nf3 N8h7 19. Nd5 exd5 20. exd5 Rc7 21.
Be6+ Ke8 22. Nh4 Nf8 23. Nf5 Nxe6 24. Qxe6 Qd8 25. Nxg7+ Kf8 26. Nf5 Bc8 27.
Qe3 Kf7 28. Nxe7 Qxe7 29. Rxf6+ Kxf6 30. Bc3+ Kg6 31. Qxe7 Rxe7 32. Bxh8 Re2
33. Bd4 Bh3 34. a4 b5 35. cxb5 axb5 36. a5 Rg2+ 37. Kh1 Rd2 38. Bc3 Rxd5 39. a6
Bc8 40. a7 Bb7 41. Kg1 Rc5 42. Kf2 Kf5 43. Ke3 Kg4 44. Bb2 Kh3 45. Ra1 Ba8 46.
Ra6 Rc6 47. Rxc6 Bxc6 48. Ba3 Kxh2 49. Bxd6 Kh3 50. Kd4 1-0

[Event "2. Torneio Aberto do Brasil - Fortaleza"]
[Site "Fortaleza BRA"]
[Date "2012.04.06"]
[Round "2.19"]
[White "De Paula, Rafael Figueiredo"]
[Black "Cavalcanti, Francisco De Assis"]
[Result "0-1"]
[WhiteElo "2041"]
[BlackElo "2292"]
[PlyCount "146"]
[EventDate "2012.04.05"]
[EventType "swiss"]
[EventRounds "7"]
[EventCountry "BRA"]
[Source "lmi"]
[SourceDate "2012.08.05"]

1. e4 c5 2. Nf3 d6 3. d4 cxd4 4. Nxd4 Nf6 5. Nc3 Nc6 6. Bg5 e6 7. Qd2 Be7 8.
O-O-O Nxd4 9. Qxd4 O-O 10. f4 Qa5 11. Kb1 Rd8 12. Bc4 a6 13. e5 dxe5 14. Qxe5
Rxd1+ 15. Rxd1 Qb6 16. Qe2 h6 17. Bh4 Qc7 18. Bg3 Qc6 19. f5 b5 20. Bd3 Bb7 21.
fxe6 Qxe6 22. Re1 Qxe2 23. Rxe2 Re8 24. Be5 Bd8 25. Bxf6 Rxe2 26. Nxe2 Bxf6 27.
g3 Be5 28. c3 Kf8 29. Kc2 Ke7 30. Kd2 Kf6 31. Ke3 Kg5 32. Be4 Bc8 33. Bf3 Kf6
34. Nd4 Bc7 35. Bd5 Ke7 36. Be4 g6 37. Bd5 f5 38. Bc6 h5 39. Bd5 h4 40. Kf3
hxg3 41. hxg3 Kd6 42. Ba8 Kc5 43. Bc6 g5 44. Be8 Be5 45. Nb3+ Kd6 46. Na5 g4+
47. Kf2 f4 48. Bc6 fxg3+ 49. Kg2 Bf4 50. Bb7 Be6 51. b3 Kc7 52. Be4 Bd7 53. c4
bxc4 54. Nxc4 Be6 55. Nb2 Bd6 56. Nc4 Bf4 57. Nb2 Kb6 58. Nd3 Bd6 59. Nc1 a5
60. Ne2 Kc5 61. Nxg3 Kb4 62. Ne2 Be5 63. Nc1 Ka3 64. Nd3 Bd6 65. b4 axb4 66.
Nxb4 Kxb4 67. Kf2 Bf4 68. Bc6 Ka3 69. Be4 Kxa2 70. Bc6 Kb2 71. Be4 Kc3 72. Bc6
Kd4 73. Bb5 g3+ 0-1

[Event "2. Torneio Aberto do Brasil - Fortaleza"]
[Site "Fortaleza BRA"]
[Date "2012.04.06"]
[Round "2.20"]
[White "De Araujo, Felipe Fernandes Vi"]
[Black "Dos Santos, Tiago Augusto"]
[Result "0-1"]
[WhiteElo "2269"]
[BlackElo "2023"]
[PlyCount "106"]
[EventDate "2012.04.05"]
[EventType "swiss"]
[EventRounds "7"]
[EventCountry "BRA"]
[Source "lmi"]
[SourceDate "2012.08.05"]

1. d4 Nf6 2. c4 e6 3. Nc3 Bb4 4. a3 Bxc3+ 5. bxc3 b6 6. f3 Bb7 7. e4 d6 8. Bd3
Nbd7 9. Ne2 e5 10. O-O O-O 11. Ng3 Re8 12. Ra2 Nf8 13. Be3 Ne6 14. Re1 g6 15.
Rd2 Qe7 16. Bf1 Rad8 17. Qa4 a6 18. Red1 Nd7 19. Qc2 h5 20. Bd3 c5 21. d5 Nf4
22. Ne2 g5 23. Ng3 Kh8 24. Nf5 Qf6 25. Bf1 Rg8 26. Rf2 Rg6 27. Kh1 Rdg8 28. g3
h4 29. Rfd2 Nh5 30. Bh3 Bc8 31. Bg4 Ng7 32. Nxg7 R6xg7 33. Rb1 Nb8 34. Rf2 hxg3
35. hxg3 Rh7+ 36. Kg2 Qh6 37. Kf1 Bxg4 38. fxg4 Nd7 39. Rf5 Qh3+ 40. Qg2 Qxg4
41. Kf2 f6 42. Rh1 Rgg7 43. Rg1 Rh3 44. Qf3 Rh2+ 45. Rg2 Rxg2+ 46. Kxg2 Qxf3+
47. Kxf3 Rh7 48. Kg2 Kg7 49. Rf1 Kg6 50. Rf2 Kh5 51. Rf1 Kg4 52. Rf3 Rh2+ 53.
Kxh2 Kxf3 0-1

[Event "2. Torneio Aberto do Brasil - Fortaleza"]
[Site "Fortaleza BRA"]
[Date "2012.04.06"]
[Round "2.21"]
[White "Bezerra, Flavio Rodrigo Cost"]
[Black "Mascarenhas, Alberto Pinheiro"]
[Result "1-0"]
[WhiteElo "2033"]
[BlackElo "2268"]
[PlyCount "61"]
[EventDate "2012.04.05"]
[EventType "swiss"]
[EventRounds "7"]
[EventCountry "BRA"]
[Source "lmi"]
[SourceDate "2012.08.05"]

1. d4 Nf6 2. Nc3 d5 3. Bg5 Nbd7 4. Qd3 e6 5. e4 dxe4 6. Nxe4 Be7 7. Nxf6+ Nxf6
8. Nf3 h6 9. Bh4 O-O 10. Be2 c5 11. O-O-O Qa5 12. Kb1 cxd4 13. Nxd4 Rd8 14. Bf3
Qb6 15. Qc4 Bd7 16. Qb3 Qc5 17. Rhe1 e5 18. Qe3 g5 19. Bg3 Ng4 20. Qe2 Qc8 21.
h3 Bb4 22. c3 exd4 23. cxb4 Bf5+ 24. Ka1 d3 25. Qe7 d2 26. Rh1 Rd7 27. Qe2 Qc2
28. Bxg4 Rc8 29. Bxf5 Qc1+ 30. Bb1 Rc2 31. Rxc1 1-0

[Event "2. Torneio Aberto do Brasil - Fortaleza"]
[Site "Fortaleza BRA"]
[Date "2012.04.06"]
[Round "2.22"]
[White "Brito, Luismar"]
[Black "Braga, Jose Pereira"]
[Result "1-0"]
[WhiteElo "2247"]
[BlackElo "2014"]
[PlyCount "96"]
[EventDate "2012.04.05"]
[EventType "swiss"]
[EventRounds "7"]
[EventCountry "BRA"]
[Source "lmi"]
[SourceDate "2012.08.05"]

1. Nc3 Nf6 2. Nf3 d5 3. d4 e6 4. Bf4 c5 5. e3 Bd6 6. Bg3 O-O 7. Be2 Nc6 8. O-O
Bxg3 9. hxg3 cxd4 10. exd4 b6 11. Re1 Ne4 12. Nxe4 dxe4 13. Bb5 Bb7 14. Rxe4
Ne7 15. Re1 Qc7 16. c3 Rfd8 17. Qe2 h6 18. Ne5 Nd5 19. Ba6 Bc6 20. Bd3 Nf6 21.
Nxc6 Qxc6 22. Be4 Nxe4 23. Qxe4 Rac8 24. Qxc6 Rxc6 25. Re5 f6 26. Re2 Kf7 27.
f4 Rd5 28. Rae1 h5 29. Kf2 b5 30. a3 g5 31. Kf3 a5 32. Ke3 b4 33. axb4 axb4 34.
Kd3 bxc3 35. bxc3 Ra6 36. Rb1 Kg6 37. Rb8 Kf5 38. Rf8 Kg6 39. Rh8 Rb6 40. Re8
Rdd6 41. fxg5 Kxg5 42. Rg8+ Kh6 43. Rc8 Ra6 44. Rb2 Ra1 45. Ke4 Rg1 46. Rf2 Kg7
47. Ra2 Rd5 48. Ra6 Rxg2 1-0

[Event "2. Torneio Aberto do Brasil - Fortaleza"]
[Site "Fortaleza BRA"]
[Date "2012.04.06"]
[Round "2.23"]
[White "Rothebarth, Ana Vitoria De Pau"]
[Black "Cunha, Eduardo Arruda Da G"]
[Result "0-1"]
[WhiteElo "2030"]
[BlackElo "2242"]
[PlyCount "76"]
[EventDate "2012.04.05"]
[EventType "swiss"]
[EventRounds "7"]
[EventCountry "BRA"]
[Source "lmi"]
[SourceDate "2012.08.05"]

1. e4 c5 2. Nc3 e6 3. g3 Nc6 4. Bg2 Nf6 5. Nge2 Be7 6. O-O O-O 7. d4 cxd4 8.
Nxd4 a6 9. Kh1 d6 10. Be3 Bd7 11. f4 e5 12. Nde2 Rc8 13. Nd5 Nxd5 14. exd5 Na5
15. Nc3 Nc4 16. Bc1 b5 17. f5 f6 18. Be4 b4 19. Ne2 Qb6 20. Rf3 Bb5 21. Qe1 Qc5
22. g4 a5 23. Rh3 Kf7 24. b3 Na3 25. Bxa3 bxa3 26. c4 Ba6 27. Rxh7 Rh8 28. Qh4
Rxh7 29. Qxh7 Rg8 30. Qh5+ Kf8 31. Qh3 Bd8 32. Nc3 Bb6 33. Rd1 Ba7 34. Qg3 Rh8
35. g5 fxg5 36. Qxg5 Bb6 37. f6 g6 38. Bxg6 Qf2 0-1

[Event "2. Torneio Aberto do Brasil - Fortaleza"]
[Site "Fortaleza BRA"]
[Date "2012.04.06"]
[Round "2.24"]
[White "Umetsubo, Cesar Hidemitsu"]
[Black "Pluschkat, Gustavo Ranulpho"]
[Result "1-0"]
[WhiteElo "2235"]
[BlackElo "2003"]
[PlyCount "69"]
[EventDate "2012.04.05"]
[EventType "swiss"]
[EventRounds "7"]
[EventCountry "BRA"]
[Source "lmi"]
[SourceDate "2012.08.05"]

1. d4 Nf6 2. Nf3 e6 3. Bf4 d5 4. e3 Bd6 5. Bg3 b6 6. Nbd2 Qe7 7. Ne5 Bb7 8.
Bb5+ c6 9. Bd3 Nbd7 10. c3 b5 11. O-O g6 12. e4 Nh5 13. Nxd7 Qxd7 14. exd5 cxd5
15. Bxb5 Qxb5 16. Bxd6 Kd7 17. Bc5 f6 18. a4 Qc6 19. b4 e5 20. dxe5 fxe5 21.
Nc4 Qe6 22. Re1 e4 23. Nd6 Kc7 24. Nb5+ Kb8 25. Qd4 Rd8 26. Bxa7+ Kc8 27. Qc5+
Qc6 28. Bb6 Qxc5 29. bxc5 Rf8 30. Nd6+ Kb8 31. Rab1 Nf4 32. Bd8 Ra7 33. Be7
Ne2+ 34. Kf1 Nxc3 35. Bxf8 1-0

[Event "2. Torneio Aberto do Brasil - Fortaleza"]
[Site "Fortaleza BRA"]
[Date "2012.04.06"]
[Round "2.25"]
[White "Santos, Antonio Inacio Dos"]
[Black "Dos Santos, Haroldo Cunha"]
[Result "0-1"]
[WhiteElo "2017"]
[BlackElo "2233"]
[PlyCount "68"]
[EventDate "2012.04.05"]
[EventType "swiss"]
[EventRounds "7"]
[EventCountry "BRA"]
[Source "lmi"]
[SourceDate "2012.08.05"]

1. Nf3 d5 2. c4 c6 3. cxd5 cxd5 4. d4 Nf6 5. Nc3 Bf5 6. Bf4 Nc6 7. e3 a6 8. Ne5
Qb6 9. Qd2 e6 10. Be2 Bb4 11. f3 Nh5 12. g4 Nxf4 13. gxf5 Nxe5 14. exf4 Nc6 15.
a3 Be7 16. Rd1 Bf6 17. fxe6 fxe6 18. f5 Nxd4 19. fxe6 Bh4+ 20. Kf1 Nb3 21. Bb5+
axb5 22. Qe2 d4 23. Nd5 Qc6 24. Nc7+ Qxc7 25. Qxb5+ Qc6 26. Qxb3 Rf8 27. Kg2
Ra5 28. Rhf1 Rb5 29. Qd3 Rxb2+ 30. Rd2 Qc3 31. Qxc3 dxc3 32. Rxb2 cxb2 33. Rb1
Bf6 34. f4 Ke7 0-1

[Event "2. Torneio Aberto do Brasil - Fortaleza"]
[Site "Fortaleza BRA"]
[Date "2012.04.06"]
[Round "2.26"]
[White "Bouwman, Marcelo Wanderley"]
[Black "Nunes, Moezio Correia"]
[Result "1-0"]
[WhiteElo "2222"]
[BlackElo "1959"]
[PlyCount "45"]
[EventDate "2012.04.05"]
[EventType "swiss"]
[EventRounds "7"]
[EventCountry "BRA"]
[Source "lmi"]
[SourceDate "2012.08.05"]

1. e4 d6 2. d4 Nf6 3. Nc3 g6 4. Bf4 Bg7 5. Qd2 O-O 6. O-O-O c6 7. Bh6 Qa5 8.
Kb1 b5 9. Bd3 Ba6 10. Nd5 Qd8 11. Nxf6+ exf6 12. h4 Qe7 13. h5 Nd7 14. Bf4 Rac8
15. Nf3 Bb7 16. hxg6 fxg6 17. Qb4 c5 18. Qxb5 Rb8 19. Bc4+ Kh8 20. Rxh7+ Kxh7
21. Rh1+ Bh6 22. Bxh6 g5 23. Bxf8+ 1-0

[Event "2. Torneio Aberto do Brasil - Fortaleza"]
[Site "Fortaleza BRA"]
[Date "2012.04.06"]
[Round "2.27"]
[White "Araujo Frota, Rewbenio"]
[Black "Costa, Carlos Evanir"]
[Result "0-1"]
[WhiteElo "1975"]
[BlackElo "2217"]
[PlyCount "44"]
[EventDate "2012.04.05"]
[EventType "swiss"]
[EventRounds "7"]
[EventCountry "BRA"]
[Source "lmi"]
[SourceDate "2012.08.05"]

1. c4 Nf6 2. Nf3 g6 3. g3 b6 4. Bg2 Bb7 5. Nc3 c5 6. O-O Bg7 7. e3 Qc8 8. Qe2
d5 9. Ne5 dxc4 10. Qxc4 O-O 11. b4 Bxg2 12. Kxg2 cxb4 13. Qxb4 Nc6 14. Nxc6
Qxc6+ 15. f3 Rac8 16. Bb2 Rfd8 17. Nb5 a5 18. Qb3 Rxd2+ 19. Rf2 Rxf2+ 20. Kxf2
a4 21. Qb4 Nd5 22. Na7 Qc2+ 0-1

[Event "2. Torneio Aberto do Brasil - Fortaleza"]
[Site "Fortaleza BRA"]
[Date "2012.04.06"]
[Round "2.28"]
[White "Mendonca, Mateus Nakajo"]
[Black "Lemos, Anderson Willian Pe"]
[Result "1-0"]
[WhiteElo "2216"]
[BlackElo "1941"]
[PlyCount "24"]
[EventDate "2012.04.05"]
[EventType "swiss"]
[EventRounds "7"]
[EventCountry "BRA"]
[Source "lmi"]
[SourceDate "2012.08.05"]

1. Nf3 Nc6 2. e4 e5 3. Bb5 a6 4. Ba4 Nf6 5. O-O d6 6. Re1 Bg4 7. c3 Be7 8. d3
O-O 9. Nbd2 b5 10. Bb3 Na5 11. Bc2 c6 12. Nf1 h6 1-0

[Event "2. Torneio Aberto do Brasil - Fortaleza"]
[Site "Fortaleza BRA"]
[Date "2012.04.06"]
[Round "2.29"]
[White "Quaranta Neto, Francisco"]
[Black "Guimaraes, Marcelo Cunha"]
[Result "0-1"]
[WhiteElo "1967"]
[BlackElo "2216"]
[PlyCount "70"]
[EventDate "2012.04.05"]
[EventType "swiss"]
[EventRounds "7"]
[EventCountry "BRA"]
[Source "lmi"]
[SourceDate "2012.08.05"]

1. e4 c5 2. Nf3 d6 3. d4 cxd4 4. Nxd4 Nf6 5. Bd3 Nc6 6. Nxc6 bxc6 7. c4 e6 8.
Nc3 Be7 9. O-O O-O 10. Qe2 Bb7 11. Rd1 Qc7 12. Bf4 Nd7 13. Bc2 Ne5 14. Bg3 c5
15. Nb5 Qb8 16. f4 Nc6 17. f5 e5 18. Ba4 a6 19. Nc3 Nd4 20. Qf2 Qd8 21. h4 g6
22. Nd5 Bxd5 23. cxd5 gxf5 24. exf5 Kh8 25. Kh2 Bf6 26. Kh3 Rg8 27. Rf1 Rg7 28.
Bd1 Qe7 29. Bh2 Rag8 30. g3 Qb7 31. g4 Qxd5 32. g5 Bd8 33. f6 Rg6 34. Bh5 Rxf6
35. gxf6 Qe6+ 0-1

[Event "2. Torneio Aberto do Brasil - Fortaleza"]
[Site "Fortaleza BRA"]
[Date "2012.04.06"]
[Round "2.30"]
[White "Carvalho, Jose Jorge De"]
[Black "Mateus, Jerluce De Alcantar"]
[Result "1-0"]
[WhiteElo "2190"]
[BlackElo "1834"]
[PlyCount "85"]
[EventDate "2012.04.05"]
[EventType "swiss"]
[EventRounds "7"]
[EventCountry "BRA"]
[Source "lmi"]
[SourceDate "2012.08.05"]

1. e4 c5 2. Nf3 Nc6 3. Nc3 Nf6 4. Bc4 d6 5. d4 cxd4 6. Nxd4 e6 7. Be3 Ne5 8.
Be2 a6 9. O-O Qc7 10. Kh1 Bd7 11. f4 Nc4 12. Bc1 Rc8 13. b3 Ne3 14. Bxe3 Qxc3
15. Bd3 e5 16. Ne2 Qc6 17. Ng3 h5 18. fxe5 dxe5 19. Qf3 Bg4 20. Qf2 Be6 21. Nf5
Nxe4 22. Qh4 Nd6 23. Nxd6+ Bxd6 24. c4 f6 25. Rad1 Bc5 26. Be4 Qb6 27. Bxc5
Rxc5 28. Qg3 Rc7 29. Rd3 Re7 30. Rfd1 g5 31. Rd6 Qc7 32. Qf3 Kf7 33. Bf5 Bxf5
34. Qxf5 Rh6 35. Rd7 Qc6 36. R7d6 Qc5 37. h3 g4 38. h4 g3 39. Rd7 Qc6 40. Kg1
Rxd7 41. Rxd7+ Ke8 42. Rg7 Kf8 43. Rxg3 1-0

[Event "2. Torneio Aberto do Brasil - Fortaleza"]
[Site "Fortaleza BRA"]
[Date "2012.04.06"]
[Round "2.31"]
[White "Borensztajn, David"]
[Black "De Andrade, Roberto Luis Costa"]
[Result "1/2-1/2"]
[WhiteElo "1951"]
[BlackElo "2186"]
[PlyCount "37"]
[EventDate "2012.04.05"]
[EventType "swiss"]
[EventRounds "7"]
[EventCountry "BRA"]
[Source "lmi"]
[SourceDate "2012.08.05"]

1. c4 c6 2. g3 d5 3. Bg2 Nf6 4. Nf3 e6 5. O-O Bd6 6. cxd5 exd5 7. d3 O-O 8. b3
Re8 9. Bb2 h6 10. Re1 Bf5 11. a3 c5 12. Nbd2 d4 13. Nh4 Bc8 14. Nc4 Bf8 15. Rc1
Na6 16. e3 dxe3 17. Rxe3 Rxe3 18. Nxe3 Nc7 19. d4 1/2-1/2

[Event "2. Torneio Aberto do Brasil - Fortaleza"]
[Site "Fortaleza BRA"]
[Date "2012.04.06"]
[Round "2.32"]
[White "Borges, Wagner Da Silva"]
[Black "Da Silva, Alexandre Mota"]
[Result "1/2-1/2"]
[WhiteElo "2185"]
[BlackElo "1809"]
[PlyCount "97"]
[EventDate "2012.04.05"]
[EventType "swiss"]
[EventRounds "7"]
[EventCountry "BRA"]
[Source "lmi"]
[SourceDate "2012.08.05"]

1. d4 Nf6 2. c4 e6 3. Nf3 c5 4. d5 exd5 5. cxd5 d6 6. Nc3 g6 7. e4 a6 8. a4 Bg7
9. Be2 O-O 10. O-O Re8 11. Nd2 Nbd7 12. f4 Rb8 13. a5 b5 14. axb6 Nxb6 15. Ra3
a5 16. h3 Ra8 17. Bb5 Bd7 18. Bd3 Nh5 19. Ne2 Qh4 20. Nf3 Qd8 21. Qe1 a4 22.
Qd1 Qc7 23. g4 Nf6 24. Ng3 c4 25. Bb1 Bb5 26. Rf2 Nfd7 27. Nd4 Qc5 28. Be3 Qb4
29. Nc6 Bxc6 30. dxc6 Nb8 31. Bd4 Bxd4 32. Qxd4 Nxc6 33. Qf6 Qe1+ 34. Rf1 Qb4
35. Kh1 Nd7 36. Qc3 Qc5 37. Rc1 Nb6 38. Ba2 d5 39. exd5 Qxd5+ 40. Qf3 Qd2 41.
Qc3 Qxf4 42. Rf1 Qd4 43. Qf3 Ne5 44. Qg2 Nd3 45. Rc3 Ra7 46. Qc6 Rae7 47. Bxc4
Nxc4 48. Rxc4 Qxb2 49. Ne4 1/2-1/2

[Event "2. Torneio Aberto do Brasil - Fortaleza"]
[Site "Fortaleza BRA"]
[Date "2012.04.06"]
[Round "2.33"]
[White "Dos Santos, Roberto Melo"]
[Black "Santiago, Bruno M F"]
[Result "0-1"]
[WhiteElo "1937"]
[BlackElo "2167"]
[PlyCount "115"]
[EventDate "2012.04.05"]
[EventType "swiss"]
[EventRounds "7"]
[EventCountry "BRA"]
[Source "lmi"]
[SourceDate "2012.08.05"]

1. e4 c5 2. Nf3 e6 3. d4 cxd4 4. Nxd4 Nf6 5. Nc3 a6 6. e5 Ng8 7. Be2 Qc7 8. Bf4
Bb4 9. O-O Bxc3 10. bxc3 Qxc3 11. Rb1 Ne7 12. Rb3 Qc7 13. Qd2 Ng6 14. Nf3 Nc6
15. Bg3 O-O 16. Re1 b5 17. Bd3 Bb7 18. Bxg6 fxg6 19. Rd3 Nb8 20. Ree3 Qc4 21.
c3 Bd5 22. a3 Nc6 23. Nd4 Na5 24. Qb2 Rac8 25. Rd1 Qa4 26. Ree1 Nc4 27. Qb4
Qxa3 28. Ra1 Qxb4 29. cxb4 Bb7 30. Nb3 Rc6 31. Nc5 Bc8 32. Red1 Rf7 33. Ne4 h6
34. Rd4 g5 35. Rad1 Rf5 36. Nd6 Nxd6 37. Rxd6 Rc7 38. f3 Kf7 39. Rb6 Bb7 40.
Bf2 Ke8 41. Bc5 Bc8 42. Bd6 Rc2 43. Rb8 Rf4 44. Ra1 Kf7 45. Rd1 Rfc4 46. Bc5
Rxc5 47. bxc5 Rxc5 48. Ra1 Ke7 49. g3 Rc6 50. Rd1 Kd8 51. Rd6 Kc7 52. Ra8 Rxd6
53. exd6+ Kb7 54. Rxc8 Kxc8 55. Kf2 Kb7 56. Ke3 Kc6 57. f4 gxf4+ 58. Kxf4 0-1

[Event "2. Torneio Aberto do Brasil - Fortaleza"]
[Site "Fortaleza BRA"]
[Date "2012.04.06"]
[Round "2.34"]
[White "Baeta, Marcio Netto"]
[Black "Simoes, Anderson Mauro"]
[Result "0-1"]
[WhiteElo "2154"]
[BlackElo "1794"]
[PlyCount "68"]
[EventDate "2012.04.05"]
[EventType "swiss"]
[EventRounds "7"]
[EventCountry "BRA"]
[Source "lmi"]
[SourceDate "2012.08.05"]

1. c4 Nf6 2. g3 e5 3. Bg2 Bc5 4. Nc3 c6 5. Qa4 O-O 6. b4 Bd4 7. Bb2 d6 8. Nf3
Bb6 9. c5 dxc5 10. bxc5 Bxc5 11. Ne4 Nxe4 12. Qxe4 Bxf2+ 13. Kxf2 Qb6+ 14. Qe3
Qxb2 15. Rhb1 Qc2 16. Qxe5 Nd7 17. Qf4 Qc5+ 18. d4 Qh5 19. g4 Qg6 20. e4 Nf6
21. Ne5 Nxg4+ 22. Nxg4 Bxg4 23. Rxb7 Rfd8 24. Rg1 Qe6 25. d5 cxd5 26. exd5 Qe2+
27. Kg3 Bh5 28. Rgb1 Rac8 29. Rc1 Rxc1 30. Qxc1 Re8 31. h3 Qe5+ 32. Kf2 Qd4+
33. Kg3 Re3+ 34. Kh2 Qe5+ 0-1

[Event "2. Torneio Aberto do Brasil - Fortaleza"]
[Site "Fortaleza BRA"]
[Date "2012.04.06"]
[Round "2.35"]
[White "Lu, Jose Silvio Bezerra"]
[Black "Laroca, Alvaro Ney"]
[Result "1-0"]
[WhiteElo "2145"]
[BlackElo "1605"]
[PlyCount "69"]
[EventDate "2012.04.05"]
[EventType "swiss"]
[EventRounds "7"]
[EventCountry "BRA"]
[Source "lmi"]
[SourceDate "2012.08.05"]

1. Nf3 Nf6 2. g3 b6 3. Bg2 Bb7 4. b3 d5 5. Bb2 e6 6. c4 dxc4 7. bxc4 Nc6 8. Ne5
Qd6 9. Qa4 Nd5 10. cxd5 exd5 11. Nxc6 Bxc6 12. Qa3 Qg6 13. Qe3+ Kd8 14. Nc3 Kc8
15. Bxd5 Kb7 16. Bxc6+ Qxc6 17. Qe4 Qxe4 18. Nxe4 Re8 19. Ng5 f6 20. Nf3 Bd6
21. e3 g5 22. Ke2 Rhf8 23. Rac1 a5 24. Nd4 Be5 25. f4 gxf4 26. gxf4 Bxf4 27.
Nf5 Bg5 28. Kf3 Re5 29. Bxe5 fxe5 30. Ke4 Bf6 31. h4 h5 32. Rhg1 Rd8 33. Rg6
Bh8 34. d3 c6 35. Rcxc6 1-0

[Event "2. Torneio Aberto do Brasil - Fortaleza"]
[Site "Fortaleza BRA"]
[Date "2012.04.06"]
[Round "2.36"]
[White "De Albuquerque Junior, Wellington Sampaio"]
[Black "Luz, Edmundo Reis"]
[Result "1/2-1/2"]
[WhiteElo "2098"]
[BlackElo "2134"]
[PlyCount "43"]
[EventDate "2012.04.05"]
[EventType "swiss"]
[EventRounds "7"]
[EventCountry "BRA"]
[Source "lmi"]
[SourceDate "2012.08.05"]

1. Nf3 Nf6 2. d4 d5 3. c4 e6 4. Nc3 c6 5. cxd5 cxd5 6. Bg5 Be7 7. e3 O-O 8. Bd3
b6 9. Qe2 Bb7 10. Rc1 Nc6 11. O-O a6 12. a3 b5 13. b4 Nd7 14. Bxe7 Qxe7 15. Rc2
Nb6 16. Nd2 Rfc8 17. Nb3 Nc4 18. Bxc4 dxc4 19. Nc5 Rd8 20. Rd2 Qc7 21. Rfd1 Ne7
22. e4 1/2-1/2